Bioética : de la cuestión nominal a la caracterización de su concepto /
Guardado en:
| Autor Principal: | |
|---|---|
| Formato: | Libro |
| Publicado: |
Bah¡a Blanca :
Ediuns
|
| Materias: | |
| Etiquetas: |
Agregar Etiqueta
Sin Etiquetas, Sea el primero en etiquetar este registro!
|
| LEADER | 00572nam a22001935a 4500 | ||
|---|---|---|---|
| 001 | CEM.cems011549 | ||
| 005 | 20070912171204.0 | ||
| 008 | 130507b######################000#0#####d | ||
| 003 | CEMS | ||
| 020 | |a 9879281756 | ||
| 082 | 0 | 4 | |a 177.17 |
| 100 | 1 | |a Estévez, Agustín V. | |
| 245 | 1 | 0 | |a Bioética : |b de la cuestión nominal a la caracterización de su concepto / |c Agustín V. Estévez |
| 260 | |a Bah¡a Blanca : |b Ediuns | ||
| 300 | |a 115 p. | ||
| 653 | |a Bioética | ||
| 653 | |a Moral | ||
| 653 | |a Etica aplicada | ||
| 859 | |a CEMS |b BIB. CEMS - 11 de abril |h 177.17 |i Es85 |p 22495.04 |t Ej.1 | ||
